000 00528nam a2200169 4500
001 132854
003 ES-MaACL
005 20231207063029.0
007 t|
008 070214s1978 sp r ||||1| spa d
100 1 _aRosales, Luis,
_d1910-1992
_999644
245 1 3 _aLa poesía de Neruda
_b: la imaginación configurante : simbolismo y significación /
_cLuis Rosales.
260 _aMadrid :
_bEd. Nacional,
_c1978.
300 _a276 p. ;
_c18 cm.
852 _aES-MaACL
_jA-9349
_bR.98540
999 _c132854
_d132854